Top XIs: SL Benfica (1975-2023) - Statistics

General Stats
  • This quiz has been taken 452 times
    441 since last reset
  • The average score is 173 of 500
Answer Stats
Hint Position Answer % Correct
2017/2018 MF Rafa Silva
89%
2018/2019 MF Rafa Silva
89%
2020/2021 MF Rafa Silva
89%
2021/2022 MF Rafa Silva
89%
2021/22 UCL MF Rafa Silva
89%
2022/2023 MF Rafa Silva
89%
2022/2023 DF António Silva
88%
2020/2021 DF Nicolás Otamendi
87%
2021/2022 DF Nicolás Otamendi
87%
2021/22 UCL DF Nicolás Otamendi
87%
2022/2023 DF Nicolás Otamendi
87%
2022/2023 MF Florentino Luís
82%
2000/2001 DF Diogo Luís
81%
1981/1982 MF José Luís
81%
1984/1985 MF José Luís
81%
1985/1986 MF José Luís
81%
2021/2022 ST Gonçalo Ramos
80%
2022/2023 ST Gonçalo Ramos
80%
2017/2018 DF Álex Grimaldo
77%
2018/2019 DF Álex Grimaldo
77%
2019/2020 DF Álex Grimaldo
77%
2020/2021 DF Álex Grimaldo
77%
2021/2022 DF Álex Grimaldo
77%
2021/22 UCL DF Álex Grimaldo
77%
2022/2023 DF Álex Grimaldo
77%
2004/2005 DF Luisão
77%
2005/2006 DF Luisão
77%
2006/2007 DF Luisão
77%
2007/2008 DF Luisão
77%
2008/2009 DF Luisão
77%
2009/2010 DF Luisão
77%
2010/2011 DF Luisão
77%
2011/2012 DF Luisão
77%
2012/2013 DF Luisão
77%
2013/2014 DF Luisão
77%
2013/14 EL F DF Luisão
77%
2014/2015 DF Luisão
77%
2016/2017 DF Luisão
77%
2021/2022 MF João Mário
76%
2021/22 UCL MF João Mário
76%
2022/2023 MF João Mário
76%
2015/2016 MF Pizzi
73%
2015/16 UCL MF Pizzi
73%
2016/2017 MF Pizzi
73%
2017/2018 MF Pizzi
73%
2018/2019 MF Pizzi
73%
2019/2020 MF Pizzi
73%
2017/2018 DF Rúben Dias
73%
2018/2019 DF Rúben Dias
73%
2019/2020 DF Rúben Dias
73%
2008/2009 MF Ángel Di María
72%
2009/2010 MF Ángel Di María
72%
2020/2021 ST Darwin Núñez
71%
2021/2022 ST Darwin Núñez
71%
2021/22 UCL ST Darwin Núñez
71%
2015/2016 ST Jonas
71%
2015/16 UCL ST Jonas
71%
2017/2018 ST Jonas
71%
2007/2008 ST Óscar Cardozo
71%
2008/2009 ST Óscar Cardozo
71%
2009/2010 ST Óscar Cardozo
71%
2010/2011 ST Óscar Cardozo
71%
2011/2012 ST Óscar Cardozo
71%
2012/2013 ST Óscar Cardozo
71%
2018/2019 ST João Félix
70%
1992/1993 MF Rui Costa
68%
1993/1994 MF Rui Costa
68%
2007/2008 MF Rui Costa
68%
2015/2016 DF André Almeida
67%
2015/16 UCL DF André Almeida
67%
2017/2018 DF André Almeida
67%
2018/2019 DF André Almeida
67%
2019/2020 DF André Almeida
67%
2022/2023 MF Enzo Fernández
67%
2018/2019 ST Haris Seferović
61%
2019/2020 ST Haris Seferović
61%
2020/2021 ST Haris Seferović
61%
2010/2011 MF Nicolás Gaitán
61%
2011/2012 MF Nicolás Gaitán
61%
2012/2013 MF Nicolás Gaitán
61%
2013/2014 MF Nicolás Gaitán
61%
2013/14 EL F MF Nicolás Gaitán
61%
2014/2015 MF Nicolás Gaitán
61%
2015/2016 MF Nicolás Gaitán
61%
2015/16 UCL MF Nicolás Gaitán
61%
2010/2011 MF Eduardo Salvio
60%
2012/2013 MF Eduardo Salvio
60%
2013/14 EL F MF Eduardo Salvio
60%
2014/2015 MF Eduardo Salvio
60%
2016/2017 MF Eduardo Salvio
60%
1997/1998 ST Nuno Gomes
60%
1998/1999 ST Nuno Gomes
60%
1999/2000 ST Nuno Gomes
60%
2002/2003 ST Nuno Gomes
60%
2003/2004 ST Nuno Gomes
60%
2004/2005 ST Nuno Gomes
60%
2005/2006 ST Nuno Gomes
60%
2006/2007 ST Nuno Gomes
60%
2007/2008 ST Nuno Gomes
60%
2020/2021 DF Jan Vertonghen
59%
2021/2022 DF Jan Vertonghen
59%
2021/22 UCL DF Jan Vertonghen
59%
2014/2015 DF Jardel
59%
2015/2016 DF Jardel
59%
2015/16 UCL DF Jardel
59%
2017/2018 DF Jardel
59%
2018/2019 DF Jardel
59%
2007/2008 DF Maxi Pereira
59%
2008/2009 DF Maxi Pereira
59%
2009/2010 DF Maxi Pereira
59%
2010/2011 DF Maxi Pereira
59%
2011/2012 DF Maxi Pereira
59%
2012/2013 DF Maxi Pereira
59%
2013/2014 DF Maxi Pereira
59%
2013/14 EL F DF Maxi Pereira
59%
2014/2015 DF Maxi Pereira
59%
2022/2023 DF Alexander Bah
58%
2012/2013 MF Enzo Pérez
58%
2013/2014 MF Enzo Pérez
58%
2014/2015 MF Enzo Pérez
58%
2022/2023 ST David Neres
57%
2012/2013 ST Lima
56%
2013/2014 ST Lima
56%
2013/14 EL F ST Lima
56%
2014/2015 ST Lima
56%
2016/2017 DF Nélson Semedo
55%
2008/2009 MF Pablo Aimar
55%
2009/2010 MF Pablo Aimar
55%
2010/2011 MF Pablo Aimar
55%
2011/2012 MF Pablo Aimar
55%
2013/2014 ST Rodrigo
55%
2013/14 EL F ST Rodrigo
55%
2001/2002 MF Simão
55%
2002/2003 MF Simão
55%
2003/2004 MF Simão
55%
2004/2005 MF Simão
55%
2005/2006 MF Simão
55%
2006/2007 MF Simão
55%
2011/2012 DF Ezequiel Garay
54%
2012/2013 DF Ezequiel Garay
54%
2013/2014 DF Ezequiel Garay
54%
2013/14 EL F DF Ezequiel Garay
54%
2009/2010 DF Fábio Coentrão
51%
2010/2011 DF Fábio Coentrão
51%
2012/2013 MF Nemanja Matić
51%
2013/2014 MF Nemanja Matić
51%
2015/2016 MF Renato Sanches
51%
2015/16 UCL MF Renato Sanches
51%
2015/2016 ST Kostas Mitroglou
49%
2016/2017 ST Kostas Mitroglou
49%
2014/2015 DF Eliseu
47%
2015/2016 DF Eliseu
47%
2015/16 UCL DF Eliseu
47%
2016/2017 DF Eliseu
47%
2020/2021 DF Gilberto
46%
2021/22 UCL DF Gilberto
46%
2019/2020 MF Julian Weigl
46%
2020/2021 MF Julian Weigl
46%
2021/2022 MF Julian Weigl
46%
2021/22 UCL MF Julian Weigl
46%
2009/2010 ST Javier Saviola
45%
2010/2011 ST Javier Saviola
45%
2016/2017 MF Ljubomir Fejsa
45%
2017/2018 MF Ljubomir Fejsa
45%
2018/2019 MF Ljubomir Fejsa
45%
2015/2016 DF Victor Lindelöf
45%
2015/16 UCL DF Victor Lindelöf
45%
2016/2017 DF Victor Lindelöf
45%
2014/2015 MF Andreas Samaris
44%
2015/2016 MF Andreas Samaris
44%
2015/16 UCL MF Andreas Samaris
44%
2018/2019 MF Andreas Samaris
44%
1993/1994 ST João Pinto
44%
1994/1995 ST João Pinto
44%
1995/1996 ST João Pinto
44%
1996/1997 ST João Pinto
44%
1997/1998 MF João Pinto
44%
1998/1999 ST João Pinto
44%
1999/2000 ST João Pinto
44%
2019/2020 DF Ferro
43%
2020/2021 ST Éverton
42%
2021/22 UCL ST Éverton
42%
2021/2022 ST Éverton
42%
2004/2005 MF Manuel Fernandes
42%
2005/2006 MF Manuel Fernandes
42%
2019/2020 ST Carlos Vinícius
41%
2016/2017 MF Franco Cervi
41%
2017/2018 MF Franco Cervi
41%
2019/2020 MF Franco Cervi
41%
2015/16 UCL ST Raúl Jiménez
41%
2016/2017 ST Gonçalo Guedes
40%
1985/1986 ST Rui Águas
39%
1986/1987 ST Rui Águas
39%
1987/1988 ST Rui Águas
39%
1990/1991 ST Rui Águas
39%
2011/2012 MF Axel Witsel
38%
2009/2010 MF Javi García
38%
2010/2011 MF Javi García
38%
2011/2012 MF Javi García
38%
2009/2010 MF Ramires
38%
1976/1977 MF Fernando Chalana
36%
1977/1978 MF Fernando Chalana
36%
1979/1980 MF Fernando Chalana
36%
1980/1981 MF Fernando Chalana
36%
1981/1982 MF Fernando Chalana
36%
1982/1983 MF Fernando Chalana
36%
1983/1984 MF Fernando Chalana
36%
2013/2014 MF Lazar Marković
36%
2013/2014 DF Guilherme Siqueira
34%
2013/14 EL F DF Guilherme Siqueira
34%
2002/2003 MF Petit
34%
2003/2004 MF Petit
34%
2004/2005 MF Petit
34%
2005/2006 MF Petit
34%
2006/2007 MF Petit
34%
2007/2008 MF Petit
34%
2021/22 UCL ST Roman Yaremchuk
34%
1989/1990 DF José Carlos
33%
1990/1991 DF José Carlos
33%
1991/1992 DF José Carlos
33%
1992/1993 DF José Carlos
33%
1976/1977 ST Nené
33%
1977/1978 ST Nené
33%
1978/1979 ST Nené
33%
1979/1980 ST Nené
33%
1980/1981 ST Nené
33%
1981/1982 ST Nené
33%
1982/1983 ST Nené
33%
1983/1984 ST Nené
33%
2019/2020 MF Adel Taarabt
32%
2020/2021 MF Adel Taarabt
32%
1999/2000 MF Maniche
32%
2000/2001 MF Maniche
32%
2008/2009 MF Rúben Amorim
30%
2013/14 EL F MF Rúben Amorim
30%
1981/1982 DF António Veloso
28%
1985/1986 DF António Veloso
28%
1986/1987 MF António Veloso
28%
1987/1988 DF António Veloso
28%
1988/1989 DF António Veloso
28%
1989/1990 DF António Veloso
28%
1990/1991 DF António Veloso
28%
1991/1992 DF António Veloso
28%
1992/1993 DF António Veloso
28%
1993/1994 DF António Veloso
28%
1994/1995 DF António Veloso
28%
2001/2002 ST Mantorras
28%
2001/2002 DF Miguel
27%
2002/2003 DF Miguel
27%
2003/2004 DF Miguel
27%
2004/2005 DF Miguel
27%
2014/2015 ST Talisca
27%
2001/2002 MF Tiago
27%
2002/2003 MF Tiago
27%
2003/2004 MF Tiago
27%
1990/1991 MF Paulo Sousa
26%
1992/1993 MF Paulo Sousa
26%
2011/2012 DF Émerson Conceição
25%
2017/2018 ST Andrija Živković
24%
1976/1977 DF Antonio Bastos Lopes
24%
1977/1978 DF Antonio Bastos Lopes
24%
1979/1980 DF Antonio Bastos Lopes
24%
1980/1981 DF Antonio Bastos Lopes
24%
1981/1982 DF Antonio Bastos Lopes
24%
1982/1983 DF Antonio Bastos Lopes
24%
1983/1984 DF Antonio Bastos Lopes
24%
1977/1978 DF Humberto Coelho
24%
1978/1979 DF Humberto Coelho
24%
1979/1980 DF Humberto Coelho
24%
1980/1981 DF Humberto Coelho
24%
1981/1982 DF Humberto Coelho
24%
1982/1983 DF Humberto Coelho
24%
2012/2013 DF Lorenzo Melgarejo
24%
2004/2005 DF Manuel dos Santos
24%
1994/1995 MF Paulo Bento
24%
1995/1996 MF Paulo Bento
24%
1976/1977 MF Sheú
23%
1977/1978 MF Sheú
23%
1978/1979 MF Sheú
23%
1979/1980 MF Sheú
23%
1980/1981 MF Shéu
23%
1981/1982 MF Shéu
23%
1982/1983 MF Shéu
23%
1984/1985 MF Shéu
23%
1985/1986 MF Shéu
23%
1986/1987 MF Shéu
23%
1987/1988 MF Shéu
23%
1976/1977 MF Toni
23%
1977/1978 MF Toni
23%
1978/1979 MF Toni
23%
1979/1980 MF Toni
23%
1980/1981 MF Carlos Manuel
22%
1981/1982 MF Carlos Manuel
22%
1982/1983 MF Carlos Manuel
22%
1983/1984 MF Carlos Manuel
22%
1984/1985 MF Carlos Manuel
22%
1985/1986 MF Carlos Manuel
22%
1986/1987 MF Carlos Manuel
22%
1978/1979 MF João Alves
22%
1980/1981 MF João Alves
22%
1982/1983 MF João Alves
22%
2001/2002 MF Júlio César
22%
2007/2008 MF Cristian Rodríguez
21%
2005/2006 DF Nélson
21%
2006/2007 DF Nélson
21%
2007/2008 DF Nélson
21%
2021/2022 DF Valentino Lazaro
21%
2005/2006 ST Fabrizio Miccoli
20%
2006/2007 ST Fabrizio Miccoli
20%
2006/2007 MF Giorgos Karagounis
20%
1990/1991 ST Isaías
20%
1991/1992 ST Isaías
20%
1992/1993 ST Isaías
20%
1993/1994 ST Isaías
20%
1994/1995 ST Isaías
20%
1987/1988 ST Mats Magnusson
20%
1988/1989 ST Mats Magnusson
20%
1989/1990 ST Mats Magnusson
20%
1988/1989 MF Vítor Paneira
20%
1989/1990 MF Vítor Paneira
20%
1990/1991 MF Vítor Paneira
20%
1991/1992 MF Vítor Paneira
20%
1992/1993 MF Vítor Paneira
20%
1993/1994 MF Vítor Paneira
20%
1994/1995 MF Vítor Paneira
20%
1993/1994 DF Abel Xavier
19%
1987/1988 DF Carlos Mozer
19%
1988/1989 DF Carlos Mozer
19%
1993/1994 DF Carlos Mozer
19%
1994/1995 DF Carlos Mozer
19%
1997/1998 DF José Sousa
19%
1998/1999 DF José Sousa
19%
2006/2007 MF Kostas Katsouranis
19%
2007/2008 MF Kostas Katsouranis
19%
2008/2009 MF Kostas Katsouranis
19%
2002/2003 DF Ricardo Rocha
19%
2003/2004 DF Ricardo Rocha
19%
2004/2005 DF Ricardo Rocha
19%
2000/2001 ST João Tomás
18%
2008/2009 MF José Antonio Reyes
18%
1988/1989 MF Valdo
18%
1989/1990 MF Valdo
18%
1990/1991 MF Valdo
18%
1995/1996 MF Valdo
18%
1996/1997 MF Valdo
18%
1983/1984 MF Diamantino
17%
1984/1985 MF Diamantino
17%
1985/1986 MF Diamantino
17%
1986/1987 MF Diamantino
17%
1987/1988 MF Diamantino
17%
2000/2001 DF Fernando Meira
17%
2001/2002 DF Fernando Meira
17%
1992/1993 DF Hélder Cristóvão
17%
1993/1994 DF Hélder Cristóvão
17%
1994/1995 DF Hélder Cristóvão
17%
1995/1996 DF Hélder Cristóvão
17%
2002/2003 DF Hélder Cristóvão
17%
2003/2004 DF Hélder Cristóvão
17%
2005/2006 DF Léo
17%
2006/2007 DF Léo
17%
2007/2008 DF Léo
17%
1983/1984 DF António Oliveira
16%
1984/1985 DF António Oliveira
16%
1985/1986 DF António Oliveira
16%
1986/1987 DF António Oliveira
16%
2011/2012 ST Nolito
16%
1988/1989 ST Vata
15%
1989/1990 ST Vata
15%
2001/2002 MF Zlatko Zahovič
15%
2002/2003 MF Zlatko Zahovič
15%
2003/2004 MF Zlatko Zahovič
15%
1996/1997 MF José Calado
14%
1997/1998 MF José Calado
14%
1999/2000 MF José Calado
14%
2000/2001 MF José Calado
14%
1976/1977 DF Minervino Pietra
14%
1977/1978 DF Minervino Pietra
14%
1978/1979 DF Minervino Pietra
14%
1979/1980 DF Minervino Pietra
14%
1980/1981 DF Minervino Pietra
14%
1982/1983 DF Minervino Pietra
14%
1983/1984 DF Minervino Pietra
14%
1984/1985 DF Minervino Pietra
14%
1986/1987 DF Adelino Nunes
13%
2005/2006 DF Anderson
13%
2006/2007 DF Anderson
13%
2008/2009 DF David Luiz
13%
2009/2010 DF David Luiz
13%
2010/2011 DF David Luiz
13%
1997/1998 MF Erwin Sánchez
13%
1991/1992 MF Stefan Schwarz
13%
1992/1993 MF Stefan Schwarz
13%
1993/1994 MF Stefan Schwarz
13%
1987/1988 MF António Pacheco
12%
1988/1989 MF António Pacheco
12%
1989/1990 MF António Pacheco
12%
1991/1992 MF António Pacheco
12%
1983/1984 ST Michael Manniche
12%
1984/1985 ST Michael Manniche
12%
1985/1986 ST Michael Manniche
12%
1997/1998 DF Ronaldo
12%
1998/1999 DF Ronaldo
12%
1999/2000 DF Ronaldo
12%
2000/2001 DF Ronaldo
12%
1976/1977 ST Rui Jordão
12%
2008/2009 DF Sidnei
12%
1981/1982 DF Álvaro
11%
1982/1983 DF Álvaro
11%
1983/1984 DF Álvaro
11%
1984/1985 DF Álvaro
11%
1985/1986 DF Álvaro
11%
1986/1987 DF Álvaro
11%
1987/1988 DF Álvaro
11%
1988/1989 DF Álvaro
11%
1999/2000 DF Bruno Basto
11%
1994/1995 DF Dimas
11%
1995/1996 DF Dimas
11%
2004/2005 ST Tomislav Šokota
11%
1989/1990 MF Jonas Thern
11%
1990/1991 MF Jonas Thern
11%
1991/1992 MF Jonas Thern
11%
1997/1998 MF Karel Poborský
11%
1998/1999 MF Karel Poborský
11%
1999/2000 MF Karel Poborský
11%
2000/2001 MF Karel Poborský
11%
1991/1992 DF Paulo Madeira
11%
1998/1999 DF Paulo Madeira
11%
1999/2000 DF Paulo Madeira
11%
2000/2001 ST Pierre van Hooijdonk
11%
2003/2004 DF Takis Fyssas
11%
2003/2004 ST Tomislav Šokota
11%
2002/2003 MF Geovanni
10%
2004/2005 MF Geovanni
10%
2005/2006 MF Geovanni
10%
1989/1990 DF Aldair
8%
1996/1997 MF Amaral
8%
1994/1995 ST Claudio Caniggia
8%
2001/2002 DF Marco Caneira
8%
1997/1998 DF Scott Minto
8%
1998/1999 DF Scott Minto
8%
1991/1992 ST Sergei Yuran
8%
1992/1993 ST Sergei Yuran
8%
1990/1991 DF William Amaral
8%
1992/1993 DF William Amaral
8%
1983/1984 MF Glenn Strömberg
7%
1998/1999 MF Michael Thomas
7%
1991/1992 DF Vasili Kulkov
7%
1993/1994 MF Vasili Kulkov
7%
1977/1978 DF Alberto Fonseca
6%
1978/1979 DF Alberto Fonseca
6%
1979/1980 DF Alberto Fonseca
6%
1976/1977 DF António Barros
6%
2001/2002 DF Argel
6%
2002/2003 DF Argel
6%
1998/1999 MF Hugo Leal
6%
2001/2002 MF Ljubinko Drulović
6%
1995/1996 ST Marcelo
6%
1998/1999 MF Mark Pembridge
6%
1994/1995 MF Nelo
6%
1984/1985 DF Samuel
6%
1985/1986 DF Samuel
6%
1977/1978 MF Vítor Baptista
6%
1981/1982 ST Zoran Filipović
6%
1982/1983 ST Zoran Filipović
6%
2013/14 EL F MF André Gomes
5%
1986/1987 DF Dito
5%
1987/1988 DF Dito
5%
1996/1997 DF Pedro Henriques
5%
1976/1977 DF Eurico
4%
1977/1978 DF Eurico
4%
1978/1979 DF Eurico
4%
1980/1981 DF Frederico
4%
1996/1997 DF Tahar El Khalej
4%
1997/1998 DF Tahar El Khalej
4%
1995/1996 MF Basarab Panduru
3%
1996/1997 MF Basarab Panduru
3%
1997/1998 ST Brian Deane
3%
1976/1977 DF Carlos Alhinho
3%
1978/1979 DF Carlos Alhinho
3%
1979/1980 DF Carlos Alhinho
3%
2000/2001 MF Chano
3%
1995/1996 DF Marinho
3%
1996/1997 DF Marinho
3%
1978/1979 ST Reinaldo
3%
1979/1980 ST Reinaldo
3%
1996/1997 ST Donizete
2%
1987/1988 MF Elzo
2%
1988/1989 MF Elzo
2%
2000/2001 DF Ivan Dudić
2%
1996/1997 DF Jorge Bermúdez
2%
1988/1989 DF Ricardo Gomes
2%
1989/1990 DF Ricardo Gomes
2%
1990/1991 DF Ricardo Gomes
2%
1995/1996 DF Ricardo Gomes
2%
1999/2000 DF Ricardo Rojas
2%
1999/2000 MF Serhiy Kandaurov
2%
1984/1985 ST Wando
2%
1986/1987 ST Wando
2%
1995/1996 MF Ilian Iliev
1%
1980/1981 DF João Laranjeiro
1%
No matching quizzes found
Score Distribution
Percent of People with Each Score
Percentile by Number Answered
Your Score History
You have not taken this quiz since the last reset